000 01298nem0a2200289 4500
001 RU\NLR\BIBL_A\011507256
005 20250626081852.0
035 _a(NLR Aleph) 011507256
090 _a12026779
_c12026779
100 _a20171025d2016 |||y0rusy50 ca
101 0 _arus
102 _aRU
120 _abaa xx||
123 1 _a50000
200 1 _aКрасноярск
_bКарты
_eОфициальный путеводитель по городу
_fПодгот. и изд. ООО "Картографическое бюро"
206 _a1:50 000, 500 м в 1 см
210 _a[Красноярск]
_cКартографическое бюро
_d2016
215 _a1 к.
_cцв., ил., указ.
_d59х41 см, слож. 21х10 см
309 _aДвусторон. печать
327 1 _aДоп. карты: Центр города.- 1:10000, 100 м в 1 см; Взлетка - деловой центр.- 1:15000, 150 м в 1 см
509 0 1 _7ca
_aКрасноярск,
_hгород
_92634838
_3RU\NLR\auth_crt\551669
607 _aКрасноярск, город
_jКарты
_91398194
_3RU\NLR\auth\66275544
608 _aТуристские карты
_91327502
_3RU\NLR\AUTH\66551871
852 _aNLR
_bК
_j4-План 2/2786
_m88805
942 _cMAP
980 _aNB